00873nam a22002657a 4500001000400000003000600004005001700010008004100027020001800068040003000086042000900116050002300125082001600148100002100164245008700185260002900272300003800301505000600339520014500345521001800490521001800508650001900526650003100545700003100576361FISKH20230329105810.0230329b cb ||||| |||| 00| 0 eng d a9781405281843 aDLCcDLCdDLCdFISKHbeng alcac00aPZ7.T5973bOw 200000a823.9142211 aTomlinson, Jill.14aThe owl who was afraid of the dark /cJill Tomlinson ; illustrated by Paul Howard. aLondonbClassics.c2016, a102 pages. :bcol. ill. ;c24 cm. aK aOwls are supposed to be night birds, but young Plop is afraid of the dark, despite how much other people and animals tell him they enjoy it.8 a550 bLexile8 aK bRaz-Plus 1aOwlsvFiction. 1aFear of the darkvFiction.1 aHoward, Paul,d1967-eill.